000 004470000a22001810004500
003 MACL
005 20151231162022.0
008 151231b xxu||||| |||| 00| 0 eng d
040 _aMACL
_cMACL
041 _aEnglish
082 _a840/PRO
100 _aEastern Book Co.
_925940
245 _aThe doery Prohibition Act, 1961
260 _bEastern Book Co.
_c1986
_aLucknow
350 _a6.00
650 _aLaws
_925941
942 _cBK
_k340/EAS
_2ddc
999 _c38590
_d38590